<?xml version="1.0" encoding="UTF-8"?>
<record
    xmlns:xsi="http://www.w3.org/2001/XMLSchema-instance"
    xsi:schemaLocation="http://www.loc.gov/MARC21/slim http://www.loc.gov/standards/marcxml/schema/MARC21slim.xsd"
    xmlns="http://www.loc.gov/MARC21/slim">

  <leader>00732nam a22001817a 4500</leader>
  <controlfield tag="003">UA-OsUOA</controlfield>
  <controlfield tag="001"> 13948 </controlfield>
  <controlfield tag="007">ta</controlfield>
  <controlfield tag="008">20030706b un ||||| |||| 00| 0 ukr d</controlfield>
  <datafield tag="100" ind1=" " ind2=" ">
    <subfield code="a">&#x413;&#x435;&#x440;&#x443;&#x441; &#x412;.</subfield>
  </datafield>
  <datafield tag="942" ind1=" " ind2=" ">
    <subfield code="c">SA</subfield>
  </datafield>
  <datafield tag="040" ind1=" " ind2=" ">
    <subfield code="a">UA-OsUOA</subfield>
    <subfield code="c">UA-OsUOA</subfield>
    <subfield code="d">UA-OsUOA</subfield>
  </datafield>
  <datafield tag="245" ind1=" " ind2=" ">
    <subfield code="a">&#x41F;&#x430;&#x432;&#x456;&#x43B;&#x44C;&#x439;&#x43E;&#x43D; &#x43D;&#x435; &#x432;&#x43C;&#x456;&#x441;&#x442;&#x438;&#x432; &#x443;&#x441;&#x456;&#x445; &#x43E;&#x445;&#x43E;&#x447;&#x438;&#x445; : &#x422;&#x430;&#x43A;&#x43E;&#x44E; &#x43F;&#x43E;&#x43F;&#x443;&#x43B;&#x44F;&#x440;&#x43D;&#x456;&#x441;&#x442;&#x44E; &#x43A;&#x43E;&#x440;&#x438;&#x441;&#x442;&#x443;&#x454;&#x442;&#x44C;&#x441;&#x44F; &#x441;&#x43F;&#x435;&#x446;&#x456;&#x430;&#x43B;&#x456;&#x437;. &#x432;&#x438;&#x441;&#x442;&#x430;&#x432;&#x43A;&#x430; "&#x410;&#x440;&#x445;&#x456;&#x442;&#x435;&#x43A;&#x442;&#x443;&#x440;&#x430;. &#x411;&#x443;&#x434;&#x456;&#x432;&#x43D;&#x438;&#x446;&#x442;&#x432;&#x43E;. &#x41A;&#x43E;&#x43C;&#x444;&#x43E;&#x440;&#x442;", &#x43E;&#x440;&#x433;&#x430;&#x43D;&#x456;&#x437;&#x43E;&#x432;&#x430;&#x43D;&#x430; &#x420;&#x456;&#x432;&#x43D;&#x435;&#x43D;. &#x442;&#x43E;&#x440;&#x433;.-&#x43F;&#x440;&#x43E;&#x43C;. &#x43F;&#x430;&#x43B;&#x430;&#x442;&#x43E;&#x44E;</subfield>
  </datafield>
  <datafield tag="300" ind1=" " ind2=" ">
    <subfield code="a">&#x421;.3</subfield>
  </datafield>
  <datafield tag="955" ind1=" " ind2=" ">
    <subfield code="a">0</subfield>
  </datafield>
  <datafield tag="773" ind1="0" ind2=" ">
    <subfield code="w">0</subfield>
    <subfield code="t">&#x421;&#x456;&#x43C; &#x434;&#x43D;&#x456;&#x432;</subfield>
    <subfield code="d">&#x420;&#x456;&#x432;&#x43D;&#x435;</subfield>
    <subfield code="d">2003</subfield>
    <subfield code="g">&#x2116;25/20 &#x447;&#x435;&#x440;&#x432;./</subfield>
  </datafield>
  <datafield tag="650" ind1=" " ind2="7">
    <subfield code="a">&#x412;&#x438;&#x441;&#x442;&#x430;&#x432;&#x43A;&#x438;</subfield>
    <subfield code="2">UDC</subfield>
  </datafield>
  <datafield tag="999" ind1=" " ind2=" ">
    <subfield code="c">300109</subfield>
    <subfield code="d">300109</subfield>
  </datafield>
</record>
